| 000 | 00360nam a2200133 a 4500 | ||
|---|---|---|---|
| 005 | 20140414132101.0 | ||
| 008 | 100719s19uu xx 00 eng d | ||
| 050 |
_aER _bM263 2002 |
||
| 100 | _aVail, Rachel | ||
| 245 |
_aMama Rex & T : _bThe (almost) perfect mother's day. |
||
| 260 |
_aNew York : _bScholastic Inc. |
||
| 650 | _aMother's day | ||
| 999 |
_c114463 _d114463 |
||